| 000 | 00709nam a2200217 a 4500 | ||
|---|---|---|---|
| 999 |
_c4545 _d4545 |
||
| 001 | 4545 | ||
| 003 | BD-JhCC | ||
| 005 | 20171129182642.0 | ||
| 008 | 171128s1974 bg b|||| |||| 000 0 ben d | ||
| 035 | _a(BD-JhCC) 4545 | ||
| 040 |
_aBD-JhCC _dBD-JhCC |
||
| 041 | _aben | ||
| 082 |
_a954.92 _bRAS 1974 |
||
| 100 | _aরশীদ, সাজ্জাদুর | ||
| 245 |
_aবাংলাদেশ : ভৌগলিক পরিচয় / _cসাজ্জাদুর রশীদ |
||
| 260 |
_aঢকা : _bনগর গবেষণা কেন্দ্র, _c১৯৭২. |
||
| 300 |
_a৪৭ পৃ. : _c২২ সেমি. |
||
| 650 |
_aGeography _zBangladesh |
||
| 942 |
_2ddc _cBK |
||